书目信息 |
| 题名: |
程序设计基础
|
|
| 作者: | 于帆 , 赵妮 主编 | |
| 分册: | ||
| 出版信息: | 北京 清华大学出版社 2006.11 |
|
| 页数: | 269页 | |
| 开本: | 26cm | |
| 丛书名: | ||
| 单 册: | ||
| 中图分类: | TP312C | |
| 科图分类: | ||
| 主题词: | 软件 | |
| 电子资源: | ||
| ISBN: | 978-7-302-13462-6 | |
| 000 | 00658nam0 2200217 450 | |
| 001 | 0856053233 | |
| 005 | 20080303153518.82 | |
| 010 | @a978-7-302-13462-6@dCNY25.00 | |
| 100 | @a20080303d2006 km y0chiy0120 ea | |
| 101 | 0 | @achi |
| 102 | @aCN@b110000 | |
| 200 | 1 | @a程序设计基础@Acheng xu she ji ji chu@eC语言版@f于帆,赵妮等主编@Fyu fan,zhao ni deng zhu bian |
| 210 | @a北京@c清华大学出版社@d2006.11 | |
| 215 | @a269页@d26cm | |
| 517 | 1 | @aC语言版@AC yu yan ban |
| 606 | 0 | @a软件 |
| 690 | @aTP312C@v4 | |
| 701 | 0 | @a于帆@Ayu fan@4主编 |
| 701 | 0 | @a赵妮@Azhao ni@4主编 |
| 801 | 0 | @aCN@b大连网信软件有限公司图书馆·11@c20080303 |
| 905 | @aZUCC@dTP312C@eY708 | |
| 程序设计基础:C语言版/于帆,赵妮等主编.-北京:清华大学出版社,2006.11 |
| 269页;26cm |
| ISBN 978-7-302-13462-6:CNY25.00 |
| ● |
| 相关链接 |
|
|
|
正题名:程序设计基础
索取号:TP312C/Y708
 
预约/预借
| 序号 | 登录号 | 条形码 | 馆藏地/架位号 | 状态 | 备注 |
| 1 | 479480 | 204794801 | 期刊室512/ [索取号:TP312C/Y708] | 在馆 |